000 00422nam a22001817a 4500
003 MPLRDC
005 20220104113806.0
008 210129b ||||| |||| 00| 0 eng d
020 _a7-80039-544-8
082 _a848.4 WM-3
100 _a王蒙著
245 _a我又梦见了你
_c
250 _a第一刷
260 _a
_b华艺出版社
_c1991
300 _b
650 _a现代别集
942 _cBK
_o848.4 WM-3
999 _c2398
_d2388